[Event "Championnat de France"]
[Site "Besançon"]
[Date "2006.08.23"]
[Round "9"]
[White "Muller, Anne"]
[Black "Congiu, Mathilde"]
[Result "1-0"]
[WhiteElo "2181"]
[BlackElo "2115"]
[PlyCount "60"]
[EventDate "2006.??.??"]

1. e4 e5 2. Nf3 Nc6 3. Bb5 a6 4. Ba4 Nf6 5. O-O b5 6. Bb3 Bc5 7. c3 d6 8. d4
Bb6 9. Bg5 h6 10. Bh4 g5 11. Bg3 Bg4 12. dxe5 Nxe5 13. Bxe5 dxe5 14. Qxd8+ Rxd8
15. Nxe5 Bh5 16. Bc2 O-O 17. Nc6 Rd6 18. Ne7+ Kh8 19. e5 Re6 20. exf6 Rd8 21.
Bb3 Re2 22. Nd5 Bc5 23. c4 bxc4 24. Bxc4 Rxb2 25. Nbc3 c6 26. Ne7 Rd4 27. Na4
Rbd2 28. Bb3 Ba3 29. Nxc6 Rd6 30. Ne5 Be2 1-0

[Event "Championnat de France"]
[Site "Besançon"]
[Date "2006.08.23"]
[Round "9"]
[White "Flear, Christine"]
[Black "Esposito, Marie Christine"]
[Result "1/2-1/2"]
[WhiteElo "2198"]
[BlackElo "2130"]
[PlyCount "21"]
[EventDate "2006.??.??"]

1. d4 Nf6 2. c4 d6 3. Nc3 e5 4. Nf3 e4 5. Ng5 Qe7 6. g3 h6 7. Nh3 c6 8. Bg2 Bf5
9. Qb3 g5 10. Ng1 Bg7 11. e3 1/2-1/2

[Event "Championnat de France"]
[Site "Besançon"]
[Date "2006.08.23"]
[Round "9"]
[White "Leconte, Maria"]
[Black "Guichard, Pauline"]
[Result "1/2-1/2"]
[WhiteElo "2304"]
[BlackElo "2227"]
[PlyCount "73"]
[EventDate "2006.??.??"]

1. e4 c5 2. Nc3 Nc6 3. Bb5 Nd4 4. Bc4 e6 5. Nf3 Ne7 6. O-O Nec6 7. d3 Be7 8. a3
O-O 9. Ba2 b6 10. Nxd4 Nxd4 11. Be3 Bb7 12. Qd2 a6 13. f4 d5 14. f5 dxe4 15.
fxe6 Nxe6 16. Nxe4 Bxe4 17. dxe4 Qxd2 18. Bxd2 Bf6 19. c3 Rad8 20. Rad1 Rd7 21.
Kf2 Rfd8 22. Ke2 Nc7 23. Bf4 Rxd1 24. Rxd1 Rxd1 25. Kxd1 Bd8 26. a4 b5 27. axb5
axb5 28. Bd6 c4 29. b3 Ne8 30. Bb4 cxb3 31. Bxb3 Bc7 32. h3 Bd6 33. Ba5 Kf8 34.
Bd5 Bc7 35. Bb4+ Bd6 36. Ba5 Bc7 37. Bb4+ 1/2-1/2

[Event "Championnat de France"]
[Site "Besançon"]
[Date "2006.08.23"]
[Round "9"]
[White "Gozzoli, Yannick"]
[Black "Renet, Olivier"]
[Result "0-1"]
[WhiteElo "2470"]
[BlackElo "2507"]
[PlyCount "96"]
[EventDate "2006.??.??"]

1. d4 d5 2. c4 e6 3. Nc3 Be7 4. Nf3 Nf6 5. Bf4 O-O 6. e3 c5 7. dxc5 Bxc5 8. a3
Nc6 9. Qc2 Qa5 10. Nd2 Be7 11. Bg3 Qb6 12. b4 d4 13. Na4 Qd8 14. Be2 Bd7 15. e4
Rc8 16. c5 a5 17. b5 Na7 18. Qb2 Bxc5 19. Nxc5 Rxc5 20. Bd6 Rc3 21. Bxf8 Qxf8
22. e5 Nd5 23. Ne4 Qb8 24. Nxc3 dxc3 25. Qc2 Qxe5 26. a4 Nb4 27. Qb3 Nd3+ 28.
Kf1 c2 29. Qa3 Qxa1+ 30. Qxa1 c1=Q+ 31. Qxc1 Nxc1 32. Bc4 Nc8 33. f4 Nb6 34.
Kf2 Nxc4 35. Rxc1 Nd6 36. Rc7 Be8 37. Ke3 Kf8 38. g4 f6 39. Kd3 h6 40. h4 b6
41. Ke2 Ne4 42. Rb7 Nc3+ 43. Kd3 Nxa4 44. Kc4 e5 45. fxe5 fxe5 46. Rb8 Ke7 47.
Rb7+ Bd7 48. Kd5 e4 0-1

[Event "Championnat de France"]
[Site "Besançon"]
[Date "2006.08.23"]
[Round "9"]
[White "Miralles, Gilles"]
[Black "Kosten, Anthony"]
[Result "1-0"]
[WhiteElo "2504"]
[BlackElo "2530"]
[PlyCount "123"]
[EventDate "2006.??.??"]

1. e4 e5 2. Nf3 Nc6 3. c3 Nf6 4. d4 Nxe4 5. d5 Ne7 6. Nxe5 Ng6 7. Qf3 Nf6 8.
Nxg6 hxg6 9. Be3 d6 10. Bb5+ Bd7 11. Na3 a6 12. Bxd7+ Qxd7 13. O-O-O Qg4 14.
Qxg4 Nxg4 15. Bd4 Kd7 16. Nc4 Be7 17. h3 Nf6 18. Na5 Nxd5 19. Nxb7 Nf4 20. Nc5+
Kc6 21. Nd3 Nxg2 22. Bxg7 Rhe8 23. Rhg1 Nh4 24. c4 Nf5 25. Bc3 Bf8 26. c5 Re2
27. Rg4 dxc5 28. Ne5+ Kb7 29. Nxf7 Rxf2 30. Rxg6 Nd4 31. Ne5 Ne2+ 32. Kb1 Nxc3+
33. bxc3 Re8 34. Nc4 Bd6 35. Rgxd6 Rf4 36. Na5+ Ka7 37. R6d2 Kb6 38. Nb3 a5 39.
Rb2 Re3 40. Nd4+ Ka6 41. Ne2 Rfe4 42. Rdd2 Rxh3 43. Kc2 Ree3 44. a3 a4 45. Kb1
Rh1+ 46. Kc2 Rhh3 47. Rb8 Rhf3 48. Rbd8 Kb5 49. Rg8 Rh3 50. Rg5 Kc4 51. Rg4+
Kb5 52. Kb2 Ka5 53. Rc2 Rh8 54. Rg5 Kb6 55. Nf4 c6 56. Rg6 Rd8 57. Ka2 Rd1 58.
Rb2+ Ka7 59. Rxc6 Rxc3 60. Rc7+ Ka6 61. Ne6 Rd5 62. Rc6+ 1-0

[Event "Championnat de France"]
[Site "Besançon"]
[Date "2006.08.23"]
[Round "9"]
[White "Le Roux, Jean-Pierre"]
[Black "Relange, Eloi"]
[Result "1-0"]
[WhiteElo "2496"]
[BlackElo "2494"]
[PlyCount "53"]
[EventDate "2006.??.??"]

1. d4 d5 2. Nf3 c6 3. e3 Bg4 4. c4 e6 5. Nbd2 Nd7 6. Bd3 Ngf6 7. h3 Bh5 8. O-O
Bd6 9. Re1 O-O 10. g4 Bg6 11. Bxg6 hxg6 12. e4 Nxe4 13. Nxe4 dxe4 14. Rxe4 c5
15. Bg5 Qc7 16. Qe2 cxd4 17. Rxd4 e5 18. Rd2 Bb4 19. Rd5 f6 20. Be3 Rfc8 21.
Rad1 Nf8 22. c5 Qf7 23. Qb5 e4 24. Nh4 Be1 25. Kf1 f5 26. gxf5 gxf5 27. Rxf5
1-0

[Event "Championnat de France"]
[Site "Besançon"]
[Date "2006.08.23"]
[Round "9"]
[White "Prie, Eric"]
[Black "Marzolo, Cyril"]
[Result "1/2-1/2"]
[WhiteElo "2507"]
[BlackElo "2440"]
[PlyCount "72"]
[EventDate "2006.??.??"]

1. d4 Nf6 2. Nf3 g6 3. Bf4 Bg7 4. Nc3 d5 5. Qd2 h6 6. O-O-O c6 7. Kb1 Be6 8. e3
Nbd7 9. Ne5 Nh5 10. Nxd7 Qxd7 11. Be5 f6 12. Bg3 Bf7 13. Na4 b6 14. Qb4 O-O 15.
Be2 Nxg3 16. hxg3 Rab8 17. Qd2 f5 18. f3 Qd6 19. f4 h5 20. Nc3 c5 21. b3 Rfd8
22. Bf3 c4 23. bxc4 Qb4+ 24. Ka1 Qxc4 25. Be2 Qc6 26. Rb1 a6 27. Rb3 b5 28.
Rhb1 Qc7 29. Nd1 e6 30. Nf2 Bf8 31. Nd3 Rdc8 32. R1b2 Be8 33. Ne5 Ra8 34. a3
Rab8 35. Kb1 a5 36. Rd3 Kg7 1/2-1/2

[Event "Championnat de France"]
[Site "Besançon"]
[Date "2006.08.23"]
[Round "9"]
[White "Apicella, Manuel"]
[Black "Guidarelli, Laurent"]
[Result "0-1"]
[WhiteElo "2520"]
[BlackElo "2437"]
[PlyCount "62"]
[EventDate "2006.??.??"]

1. e4 c5 2. Nf3 a6 3. Nc3 b5 4. a4 b4 5. Ne2 Bb7 6. Ng3 e6 7. Bd3 Nf6 8. e5 Nd5
9. Be4 Qc7 10. O-O d6 11. exd6 Bxd6 12. Re1 O-O 13. c4 Nf6 14. Bxb7 Qxb7 15. b3
Nc6 16. Bb2 Be7 17. Qc2 Rad8 18. Ne4 Qd7 19. Re3 Ng4 20. Neg5 g6 21. Re4 f5 22.
Re2 e5 23. h3 e4 24. Nxe4 fxe4 25. Qxe4 Nh6 26. Rae1 Nf5 27. g4 Nh4 28. Nh2 Bd6
29. Re3 Nd4 30. Bxd4 Bxh2+ 31. Kxh2 cxd4 0-1

[Event "Championnat de France"]
[Site "Besançon"]
[Date "2006.08.23"]
[Round "9"]
[White "Marcelin, Cyril"]
[Black "Maze, Sebastien"]
[Result "1-0"]
[WhiteElo "2481"]
[BlackElo "2526"]
[PlyCount "81"]
[EventDate "2006.??.??"]

1. d4 Nf6 2. Nf3 b5 3. Bg5 Ne4 4. Bh4 d5 5. e3 c6 6. Nbd2 Bf5 7. a4 b4 8. Nxe4
Bxe4 9. Bd3 g6 10. O-O Bg7 11. Bxe4 dxe4 12. Nd2 Qd5 13. c3 bxc3 14. bxc3 Nd7
15. Qb1 f5 16. Qb7 Kf7 17. c4 Qd6 18. Bg3 e5 19. dxe5 Qe6 20. Nxe4 fxe4 21.
Rad1 Rhd8 22. Rd6 Rab8 23. Qxa7 Bf8 24. Rxe6 Kxe6 25. Qd4 Nc5 26. Qa1 h5 27. h4
Rd3 28. a5 Rdb3 29. Rd1 R3b4 30. Kh2 Ra4 31. Qd4 Be7 32. Ra1 Rbb4 33. Rxa4 Rxa4
34. Qb2 Rxa5 35. Qb8 Kf7 36. Qc8 Ra6 37. e6+ Kf6 38. Bf4 Kf5 39. Qe8 Bf6 40. e7
Ke6 41. Bg5 1-0

[Event "Championnat de France"]
[Site "Besançon"]
[Date "2006.08.24"]
[Round "10"]
[White "Congiu, Mathilde"]
[Black "Roumegous, Marina"]
[Result "1/2-1/2"]
[WhiteElo "2115"]
[BlackElo "2203"]
[PlyCount "72"]
[EventDate "2006.??.??"]

1. e4 g6 2. d4 Bg7 3. Nc3 c6 4. Be3 d5 5. Qd2 Nf6 6. e5 Ng4 7. Bf4 h5 8. Nf3
Nh6 9. O-O-O Bg4 10. Be2 Bxf3 11. Bxf3 e6 12. Kb1 Nd7 13. h3 Ng8 14. g4 h4 15.
Rhe1 a6 16. Bg5 Bh6 17. Bxh6 Nxh6 18. Bg2 Qc7 19. f4 O-O-O 20. Qf2 Ng8 21. f5
gxf5 22. gxf5 Ne7 23. fxe6 fxe6 24. Qd2 Rdf8 25. Rf1 Rf5 26. Rxf5 Nxf5 27. Ne2
c5 28. c3 Kb8 29. Bf3 cxd4 30. cxd4 Qb6 31. Bg4 Rf8 32. Nf4 Rf7 33. Bh5 Rg7 34.
Bg4 Rf7 35. Bh5 Rg7 36. Bg4 Rf7 1/2-1/2

[Event "Championnat de France"]
[Site "Besançon"]
[Date "2006.08.24"]
[Round "10"]
[White "Wohlers Armas, Friederike"]
[Black "Leconte, Maria"]
[Result "0-1"]
[WhiteElo "2122"]
[BlackElo "2304"]
[PlyCount "64"]
[EventDate "2006.??.??"]

1. d4 Nf6 2. c4 e6 3. Nc3 Bb4 4. a3 Bxc3+ 5. bxc3 Ne4 6. e3 O-O 7. Bd3 f5 8.
Ne2 b6 9. Bxe4 fxe4 10. d5 Qf6 11. O-O Ba6 12. dxe6 Qxe6 13. c5 bxc5 14. c4
Bxc4 15. Rb1 Nc6 16. Re1 Ne5 17. Nf4 Qf5 18. Bb2 Nd3 19. Qc2 Nxf4 20. Qxc4+ Ne6
21. Red1 Rad8 22. Rd2 d5 23. Qa6 d4 24. Rbd1 Rd6 25. Qc4 Kh8 26. h3 Rfd8 27.
Qa4 dxe3 28. Rxd6 exf2+ 29. Kf1 cxd6 30. Qxa7 d5 31. a4 d4 32. a5 e3 0-1

[Event "Championnat de France"]
[Site "Besançon"]
[Date "2006.08.24"]
[Round "10"]
[White "Esposito, Marie Christine"]
[Black "Verot, Melanie"]
[Result "1-0"]
[WhiteElo "2130"]
[BlackElo "2111"]
[PlyCount "81"]
[EventDate "2006.??.??"]

1. d4 Nf6 2. c4 c5 3. d5 e5 4. Nc3 d6 5. e4 Be7 6. h3 O-O 7. Nf3 Ne8 8. g4 g6
9. Bh6 Ng7 10. Rg1 Nd7 11. Qd2 Nf6 12. Bd3 a6 13. a4 Bd7 14. Ke2 Kh8 15. Bg5
Ng8 16. h4 f5 17. gxf5 gxf5 18. Bh6 Bf6 19. exf5 Nxh6 20. Qxh6 Nxf5 21. Qh5 Qe8
22. Qxe8 Raxe8 23. Ne4 Be7 24. a5 Rf7 25. Rg2 Ref8 26. Rag1 Bd8 27. Ra1 Ng7 28.
Nfg5 Bxg5 29. hxg5 Nh5 30. Rh2 Nf4+ 31. Kd2 Bf5 32. Bc2 Bxe4 33. Bxe4 Rg7 34.
Rah1 Rff7 35. Rh6 Kg8 36. Rxd6 Ng6 37. Ke3 Nf8 38. Rh5 Rf4 39. Rf6 Rg4 40. d6
Rg1 41. Bd5+ 1-0

[Event "Championnat de France"]
[Site "Besançon"]
[Date "2006.08.24"]
[Round "10"]
[White "Muller, Anne"]
[Black "Flear, Christine"]
[Result "1/2-1/2"]
[WhiteElo "2181"]
[BlackElo "2198"]
[PlyCount "24"]
[EventDate "2006.??.??"]

1. e4 e5 2. Nf3 Nc6 3. Bb5 a6 4. Ba4 Nf6 5. O-O b5 6. Bb3 d6 7. c3 Be7 8. Re1
O-O 9. h3 Na5 10. Bc2 c5 11. d4 Qc7 12. Nbd2 cxd4 1/2-1/2

[Event "Championnat de France"]
[Site "Besançon"]
[Date "2006.08.24"]
[Round "10"]
[White "Guichard, Pauline"]
[Black "Choisy, Mathilde"]
[Result "1-0"]
[WhiteElo "2227"]
[BlackElo "2145"]
[PlyCount "131"]
[EventDate "2006.??.??"]

1. d4 Nf6 2. c4 g6 3. Nc3 Bg7 4. e4 d6 5. Be2 O-O 6. Bg5 c5 7. d5 h6 8. Be3 e6
9. Qd2 exd5 10. cxd5 Re8 11. f3 h5 12. Bd1 Nbd7 13. Nge2 Ne5 14. b3 Qa5 15. O-O
b5 16. Bc2 Ba6 17. a3 Qc7 18. Rac1 Rab8 19. Na2 Qe7 20. Rfe1 Bc8 21. Bg5 Qb7
22. Nac3 b4 23. axb4 Qxb4 24. Nd1 Qxd2 25. Bxd2 Ned7 26. Ne3 Nb6 27. Bd3 Bh6
28. Nf1 Bxd2 29. Nxd2 Re7 30. Ra1 Kg7 31. Nc3 Ne8 32. Ra2 a6 33. Bxa6 Bxa6 34.
Rxa6 Nc7 35. Raa1 Nd7 36. Reb1 Ne5 37. Nc4 Nxc4 38. bxc4 Rxb1+ 39. Rxb1 f5 40.
Rb6 Ne8 41. Kf2 Ra7 42. Nb5 Ra4 43. Rb8 Kf7 44. Kg3 fxe4 45. fxe4 Ra2 46. h4
Rc2 47. Kf3 Rc1 48. g3 Rf1+ 49. Ke3 Ke7 50. Rb7+ Kf6 51. Rd7 Re1+ 52. Kf3 Rc1
53. Nxd6 Nxd6 54. Rxd6+ Ke5 55. Re6+ Kd4 56. d6 Kxc4 57. e5 Rd1 58. Rxg6 Kd5
59. d7 Kxe5 60. Rg5+ Kf6 61. Rxc5 Rxd7 62. Rxh5 Rd3+ 63. Kg4 Rd4+ 64. Kh3 Kg6
65. Ra5 Rd3 66. h5+ 1-0

[Event "Championnat de France"]
[Site "Besançon"]
[Date "2006.08.24"]
[Round "10"]
[White "Skripchenko, Almira"]
[Black "Benmesbah, Natacha"]
[Result "1-0"]
[WhiteElo "2421"]
[BlackElo "2125"]
[PlyCount "89"]
[EventDate "2006.??.??"]

1. e4 c5 2. c3 d5 3. exd5 Qxd5 4. d4 Nf6 5. Nf3 e6 6. Be2 cxd4 7. cxd4 Bb4+ 8.
Nc3 Bxc3+ 9. bxc3 O-O 10. O-O Nc6 11. c4 Qd6 12. Bb2 Rd8 13. Bd3 b6 14. Qe2 Bb7
15. Rfd1 Rac8 16. h3 Nh5 17. Qe3 Qf4 18. Bc3 Ne7 19. Ne5 f6 20. Ng4 Qxe3 21.
fxe3 Ba6 22. Bb4 Nc6 23. Be1 Ne7 24. Rac1 Rc7 25. Nh2 f5 26. Nf3 Rdc8 27. g4
fxg4 28. hxg4 Nf6 29. Bg3 Nxg4 30. Bxc7 Rxc7 31. Re1 Nf5 32. Ng5 Ngxe3 33. Nxe6
Rc8 34. d5 Bxc4 35. Nd4 Nxd4 36. Rxe3 b5 37. Bxc4 bxc4 38. Re4 Nf3+ 39. Kf2 Nd2
40. Rd4 c3 41. d6 Rf8+ 42. Ke2 Re8+ 43. Kd3 Nf3 44. Rd5 Ne5+ 45. Kd4 1-0

[Event "Championnat de France"]
[Site "Besançon"]
[Date "2006.08.24"]
[Round "10"]
[White "Kosten, Anthony"]
[Black "Marcelin, Cyril"]
[Result "1/2-1/2"]
[WhiteElo "2530"]
[BlackElo "2481"]
[PlyCount "25"]
[EventDate "2006.??.??"]

1. c4 c6 2. Nf3 d5 3. b3 Bg4 4. e3 e6 5. Bb2 Nd7 6. Be2 Ngf6 7. h3 Bxf3 8. Bxf3
Bd6 9. Qc2 O-O 10. O-O Qe7 11. d3 Rfe8 12. Nd2 Ba3 13. Bxa3 1/2-1/2

[Event "Championnat de France"]
[Site "Besançon"]
[Date "2006.08.24"]
[Round "10"]
[White "Relange, Eloi"]
[Black "Maze, Sebastien"]
[Result "1/2-1/2"]
[WhiteElo "2494"]
[BlackElo "2526"]
[PlyCount "27"]
[EventDate "2006.??.??"]

1. d4 d5 2. c4 c6 3. Nf3 Nf6 4. Nc3 dxc4 5. a4 Bf5 6. e3 e6 7. Bxc4 Bb4 8. O-O
O-O 9. Qe2 Bg4 10. h3 Bh5 11. Na2 Ba5 12. Qd1 Nbd7 13. Be2 Qe7 14. b4 1/2-1/2

[Event "Championnat de France"]
[Site "Besançon"]
[Date "2006.08.24"]
[Round "10"]
[White "Guidarelli, Laurent"]
[Black "Miralles, Gilles"]
[Result "1-0"]
[WhiteElo "2437"]
[BlackElo "2504"]
[PlyCount "83"]
[EventDate "2006.??.??"]

1. d4 Nf6 2. c4 e6 3. Nf3 b6 4. g3 Ba6 5. Qc2 Bb4+ 6. Bd2 Bxd2+ 7. Nbxd2 d5 8.
Bg2 O-O 9. Ne5 c5 10. dxc5 bxc5 11. O-O Qd6 12. Ndf3 Nbd7 13. Nxd7 Nxd7 14.
cxd5 exd5 15. Rfd1 Rae8 16. e3 g6 17. Ne1 d4 18. exd4 cxd4 19. Qc6 Re6 20. Qxd6
Rxd6 21. Nc2 d3 22. Nb4 Bb5 23. a4 Bc4 24. Rac1 Ne5 25. f4 Ng4 26. Rd2 Re8 27.
Bf3 Ne3 28. Kf2 Rb6 29. Nc6 Ba6 30. a5 Rxc6 31. Rxc6 Bb5 32. Rc5 Ba6 33. Re5
Rxe5 34. fxe5 Nc2 35. Be4 Nb4 36. Ke3 Nc2+ 37. Kf2 Nb4 38. Rd1 Kf8 39. Ke3 Ke7
40. Bxd3 Nxd3 41. Rxd3 Bxd3 42. Kxd3 1-0

[Event "Championnat de France"]
[Site "Besançon"]
[Date "2006.08.24"]
[Round "10"]
[White "Le Roux, Jean Pierre"]
[Black "Prie, Eric"]
[Result "1-0"]
[WhiteElo "2496"]
[BlackElo "2507"]
[PlyCount "65"]
[EventDate "2006.??.??"]

1. c4 c6 2. e4 d5 3. cxd5 cxd5 4. exd5 Nf6 5. Nc3 Nxd5 6. Nf3 Nc6 7. Bb5 Nxc3
8. bxc3 Qd5 9. Qe2 Bg4 10. d4 e6 11. Rb1 Be7 12. Bd3 Bxf3 13. gxf3 Rc8 14. Bd2
Bg5 15. Rg1 Bxd2+ 16. Qxd2 g6 17. Rg3 Rc7 18. Kf1 O-O 19. h4 e5 20. Rb5 Qd6 21.
Be4 exd4 22. h5 Ne7 23. cxd4 Rd8 24. hxg6 fxg6 25. Rg4 b6 26. Qh6 Qf6 27. Rf4
Qg7 28. Qh3 Kh8 29. Qe6 Ng8 30. Re5 Rxd4 31. Rd5 Rdc4 32. Rd8 Rc1+ 33. Kg2 1-0

[Event "Championnat de France"]
[Site "Besançon"]
[Date "2006.08.25"]
[Round "11"]
[White "Choisy, Mathilde"]
[Black "Wohlers Armas, Friederike"]
[Result "1-0"]
[WhiteElo "2145"]
[BlackElo "2122"]
[PlyCount "99"]
[EventDate "2006.??.??"]

1. e4 g6 2. d4 Bg7 3. Nc3 d6 4. f4 a6 5. a4 b6 6. Be3 Nd7 7. Nf3 e6 8. Bd3 Ne7
9. O-O Bb7 10. f5 exf5 11. exf5 O-O 12. fxg6 hxg6 13. Qe1 Bxf3 14. Rxf3 f5 15.
Bc4+ Rf7 16. Bxf7+ Kxf7 17. Ne4 Kg8 18. Ng5 Nf8 19. Bf2 Qd7 20. c3 Bh6 21. h4
Nd5 22. c4 Nf6 23. Re3 Bxg5 24. hxg5 Ne4 25. Rxe4 fxe4 26. Qxe4 Re8 27. Qf3 Qf7
28. Qxf7+ Kxf7 29. Kf1 Nh7 30. a5 Rb8 31. d5 b5 32. c5 dxc5 33. Rc1 c4 34. b3
Nxg5 35. bxc4 b4 36. Ke2 Ne4 37. Bd4 Ke7 38. Kd3 Nd6 39. Rb1 Nb7 40. Rxb4 Kd7
41. Ba7 Ra8 42. Rxb7 Kc8 43. Rb8+ Rxb8 44. Bxb8 Kxb8 45. Kd4 Kc8 46. c5 Kd7 47.
Ke5 Ke7 48. g4 Kf7 49. d6 cxd6+ 50. Kxd6 1-0

[Event "Championnat de France"]
[Site "Besançon"]
[Date "2006.08.25"]
[Round "11"]
[White "Flear, Christine"]
[Black "Congiu, Mathilde"]
[Result "1/2-1/2"]
[WhiteElo "2198"]
[BlackElo "2115"]
[PlyCount "20"]
[EventDate "2006.??.??"]

1. d4 Nf6 2. c4 e6 3. Nc3 Bb4 4. e3 c5 5. Bd3 Nc6 6. a3 Bxc3+ 7. bxc3 d6 8. Ne2
e5 9. f3 O-O 10. O-O b6 1/2-1/2

[Event "Championnat de France"]
[Site "Besançon"]
[Date "2006.08.25"]
[Round "11"]
[White "Roumegous, Marina"]
[Black "Guichard, Pauline"]
[Result "0-1"]
[WhiteElo "2203"]
[BlackElo "2227"]
[PlyCount "100"]
[EventDate "2006.??.??"]

1. d4 d5 2. c4 c6 3. cxd5 cxd5 4. Nc3 Nc6 5. Bf4 Bf5 6. e3 e6 7. Qb3 Qd7 8. Nf3
f6 9. Be2 g5 10. Bg3 Nh6 11. h4 g4 12. Nh2 Bd6 13. Nf1 O-O 14. a3 Bg6 15. Bxd6
Qxd6 16. Rd1 Rab8 17. Qa2 a6 18. g3 Rbc8 19. Nh2 Bf5 20. O-O b5 21. Rc1 Kh8 22.
Rfd1 Ne7 23. Rd2 Rc7 24. Rcd1 Rfc8 25. Kg2 Qb6 26. Re1 Nc6 27. Qa1 Na5 28. Qa2
Nc4 29. Rdd1 Nxb2 30. Nxd5 exd5 31. Qxb2 Qd6 32. Rc1 Rc2 33. Rxc2 Rxc2 34. Qb3
Be4+ 35. Kg1 Nf5 36. Nf1 Rc7 37. Qb2 Rc2 38. Qb3 Rc8 39. Qb2 Qc7 40. Bxg4 Nxh4
41. Nd2 Bf5 42. Bxf5 Nxf5 43. Kg2 Rg8 44. Nf1 Nh4+ 45. Kh1 Qd7 46. Nh2 Qh3 47.
f4 Nf3 48. Rc1 Qxg3 49. Nxf3 Qxf3+ 50. Kh2 Qh5# 0-1

[Event "Championnat de France"]
[Site "Besançon"]
[Date "2006.08.25"]
[Round "11"]
[White "Leconte, Maria"]
[Black "Skripchenko, Almira"]
[Result "1/2-1/2"]
[WhiteElo "2304"]
[BlackElo "2421"]
[PlyCount "22"]
[EventDate "2006.??.??"]

1. e4 e6 2. d4 d5 3. exd5 exd5 4. Nf3 Nf6 5. Bd3 Bd6 6. O-O O-O 7. h3 h6 8. Re1
c5 9. dxc5 Bxc5 10. Be3 Bxe3 11. Rxe3 Qb6 1/2-1/2

[Event "Championnat de France"]
[Site "Besançon"]
[Date "2006.08.25"]
[Round "11"]
[White "Marcelin, Cyril"]
[Black "Guidarelli, Laurent"]
[Result "1/2-1/2"]
[WhiteElo "2481"]
[BlackElo "2437"]
[PlyCount "80"]
[EventDate "2006.??.??"]

1. d4 Nf6 2. c4 c5 3. d5 b5 4. cxb5 a6 5. bxa6 Bxa6 6. Nc3 d6 7. g3 g6 8. Bg2
Bg7 9. Nf3 Nbd7 10. Rb1 Nb6 11. b3 Bc8 12. Nh4 h6 13. Qc2 Qd7 14. Bb2 g5 15.
Nf3 Qf5 16. Qd1 Qg6 17. Nd2 h5 18. h3 Nfd7 19. a4 Ne5 20. Nf3 Nbd7 21. h4 Nxf3+
22. Bxf3 Ne5 23. hxg5 Qxg5 24. Be4 f5 25. Bd3 h4 26. Qd2 Qg6 27. Kd1 Ng4 28. e3
hxg3 29. Rxh8+ Bxh8 30. fxg3 Qh6 31. Bc1 Bxc3 32. Qxc3 Qh1+ 33. Kc2 Qg2+ 34.
Qd2 Qxg3 35. Bb5+ Bd7 36. Bxd7+ Kxd7 37. Qd3 Qg2+ 38. Bd2 Qe4 39. Rf1 c4 40.
Qxe4 cxb3+ 1/2-1/2

[Event "Championnat de France"]
[Site "Besançon"]
[Date "2006.08.25"]
[Round "11"]
[White "Prie, Eric"]
[Black "Relange, Eloi"]
[Result "1-0"]
[WhiteElo "2507"]
[BlackElo "2494"]
[PlyCount "91"]
[EventDate "2006.??.??"]

1. d4 d5 2. a3 Nf6 3. Nf3 e6 4. Bf4 Bd6 5. Bxd6 Qxd6 6. e3 O-O 7. c4 b6 8. cxd5
exd5 9. Nc3 a6 10. Rc1 Bb7 11. Be2 Nbd7 12. O-O Ne4 13. Qc2 Rac8 14. Nxe4 dxe4
15. Nd2 c5 16. Nxe4 Qh6 17. Qd3 Rcd8 18. Ng3 Ne5 19. Qc3 cxd4 20. exd4 Ng6 21.
Bf3 Bxf3 22. Qxf3 Qd2 23. Rfd1 Qxb2 24. Rb1 Qc2 25. Rxb6 Rfe8 26. h3 Nf4 27.
Kh2 Rc8 28. Rxa6 Ne6 29. Ra7 Ng5 30. Qg4 h6 31. f4 Ne6 32. Nf5 Rc7 33. Rxc7
Qxc7 34. Re1 Kf8 35. Re5 g6 36. Nxh6 Nxd4 37. Rxe8+ Kxe8 38. Qg3 Ne2 39. Qe3+
Kf8 40. Qe5 Qxe5 41. fxe5 Ke7 42. Ng4 Ke6 43. g3 Kd5 44. Kg2 Ke4 45. Nh6 Kxe5
46. Nxf7+ 1-0

[Event "Championnat de France"]
[Site "Besançon"]
[Date "2006.08.25"]
[Round "11"]
[White "Gozzoli, Yannick"]
[Black "Le Roux, Jean Pierre"]
[Result "0-1"]
[WhiteElo "2470"]
[BlackElo "2496"]
[PlyCount "78"]
[EventDate "2006.??.??"]

1. d4 d6 2. Nf3 g6 3. c4 Bg7 4. Nc3 Bg4 5. e3 Nf6 6. Be2 O-O 7. O-O Nc6 8. Ne1
Bxe2 9. Qxe2 Re8 10. f4 a5 11. Nf3 e5 12. fxe5 dxe5 13. d5 Nd4 14. exd4 exd4
15. Qd3 dxc3 16. bxc3 c6 17. d6 Ne4 18. Bf4 Qd7 19. Rae1 Nc5 20. Qd2 Rad8 21.
Ne5 Qxd6 22. Qxd6 Rxd6 23. Nxf7 Rxe1 24. Rxe1 Re6 25. Rf1 Bxc3 26. Nh6+ Kg7 27.
Ng4 Bd4+ 28. Kh1 Re8 29. Bh6+ Kg8 30. h4 Ne4 31. Kh2 Bg7 32. Bc1 Nd6 33. c5 Nf5
34. Kh3 Re4 35. Bg5 Rc4 36. Rd1 h6 37. Nf6+ Kf7 38. Rd7+ Ke6 39. g4 Bxf6 0-1